1157 1761 1901 1022 1546 1492 1627 1803 1935 1204 1376 1682 1385 1069 1838 1149 1715 1595 1799 1053 1928 1439 1945 1023 1215 1919 1718 1225 1151 1358 1406 1985 1419 1737 1197 1562 1335 1680 1243 1159 1931 1050 1678 1751 1569 1819 1617 1096 1383 1253 1623 1706 1817 1238 1088 1518 1475 1668 1844 1982 1528 1387 1603 1180 1316 1566 1249 1898 1658 1125 1534 1766 1212 1160 1853 1468 1942 1526 1339 1530 1139 1595 1367 1454 1628 1772 1223 1170 1973 1490 1473 1205 1814 1959 1437 1808 1584 1966 1895 BCNSPRNW ULIB Ver.6.0+V

เปลี่ยนเป็นภาษาไทย

Change to English
 แสดงรายละเอียดบรรณานุกรม
  กลับหน้าหลัก

Brief Record : Get Marc (ISO 2709) : E-mail record : QR code < ปิดหน้าต่าง
LEADER : 00000nam 2200000uu 4500
001    13399113105
003     ULIB
008    110927s2550||||th 000 0 tha d
020    9789748478616
050 04 PN3355^bพ924ร 2550
245 00 โรงเรียนนักเขียน /^cเพลินตา, รวบรวมและเรียบเรียง
250    พิมพ์ครั้งที่ 7 (ฉบับสมบูรณ์ ปรับปรุงแก้ไขใหม่)
260    นนทบุรี :^bบ้านหนังสือ,^c2550
300    254 หน้า ;^c19 ซม
505 2  โครงเรื่อง -- ลักษณะตัวละคร -- ฉาก -- มุมมอง --แบบวิธีการเขียนและน้ำเสียงในงานเขียน -- การเดินเรื่อง -- แก่นเรื่อง --องค์ประกอบของการเป็นนักเขียน -- สิบวิธีในการเริ่มต้นงานเขียน -- จะเป็นนักเขียน : จะต้องมีคุณสมบัติอะไร? -- การเริ่มเรื่อง -- การสร้างเรื่องจากตัวละคร -- จากตัวละครสู่โครงเรื่อง -- การตั้งชื่อเรื่อง -- การเตรียมต้นฉบับ
650  7 การแต่งนวนิยาย
650  7 นวนิยาย
650  7 นักประพันธ์
650  7 การเขียนหนังสือ
700 0  เพลินตา
945    ^p175^l0^i027695
995    ทศพร
999 ^a ทศพร
รายการนี้ยังไม่มีแท็ก
คุณยังไม่ได้ล็อกอิน คุณสามารถมีกิจกรรมร่วมกับเว็บไซต์ได้ แต่ต้องล็อกอินก่อน ::
  ล็อกอิน

รายการสื่อสารสนเทศ

ลำดับที่ ประเภท เลขเรียก/บาร์โค้ด สถานที่ สถานะ
- ไม่พบข้อมูล -

รายการใกล้เคียง
    หัวเรื่อง [การแต่งนวนิยาย]
    หัวเรื่อง [นวนิยาย]
    หัวเรื่อง [นักประพันธ์]
    หัวเรื่อง [การเขียนหนังสือ]

BibComment


ยังไม่เคยถูกคอมเมนท์

คอมเมนท์ทรัพยากรรายการนี้
  คอมเมนท์: โรงเรียนนักเขียน ..


 Copyright 2026. Bcnsprnw @Library